Inspection and gaging ; a training manual and reference work that discusses the place of inspection in industry.

Bibliographic Details
Main Author: Kennedy, Clifford W., 1895-
Format: Book
Language:English
Published: New York : Industrial Press, [1951]
Edition:1st ed.
Subjects:

MARC

Tag First Indicator Second Indicator Subfields
LEADER 00000cam a2200000 4500
001 in00000613352
005 20151014165623.0
008 770912s1951 nyua 00100 eng
010 |a  51014649  
035 |a (OCoLC)03258260 
035 |9 ACS5109AM 
040 |a DLC  |c OCP  |d TXA  |d UtOrBLW 
049 |a TXAM  |c [217345] 
050 0 0 |a TA190  |b .K35 
082 0 |a 621.9 
100 1 |a Kennedy, Clifford W.,  |d 1895- 
245 1 0 |a Inspection and gaging ;  |b a training manual and reference work that discusses the place of inspection in industry. 
250 |a 1st ed. 
264 1 |a New York :  |b Industrial Press,  |c [1951] 
300 |a 502 pages :  |b illustrations ;  |c 24 cm. 
336 |a text  |b txt  |2 rdacontent 
337 |a unmediated  |b n  |2 rdamedia 
338 |a volume  |b nc  |2 rdacarrier 
650 0 |a Engineering inspection. 
650 0 |a Gages. 
999 |a MARS 
999 f f |s 7315862f-5a5b-324c-8ed9-67caf70cee47  |i 788f65d5-2fad-3df3-9e0f-bc78a0cb7df9  |t 0 
952 f f |p ric  |a Texas A&M University  |b Rellis Campus  |c Joint Library Facility  |d Remote Storage  |t 0  |e TA190 .K35  |h Library of Congress classification  |i unmediated -- volume  |m A14805299253 
998 f f |a TA190 .K35  |t 0  |l Remote Storage